Организация бессточных технологических процессов в гальваническом производстве; Экология и промышленность России; № 12

Podrobná bibliografie
Parent link:Экология и промышленность России: ежемесячный общественный научно-технический журнал.— , 2001-
№ 12.— 2003.— С. 17-19
Další autoři: Крыщенко К. И., Дзегиленок В. Н., Неретин А. А., Антонов А. Г.
Jazyk:ruština
Vydáno: 2003
Edice:Заводское хозяйство
Témata:
Médium: MixedMaterials Kapitola
KOHA link:https://koha.lib.tpu.ru/cgi-bin/koha/opac-detail.pl?biblionumber=389597

MARC

LEADER 00000naa2a2200000 4500
001 389597
005 20231101063903.0
035 |a (RuTPU)RU\TPU\prd\22019 
090 |a 389597 
100 |a 20040129a2003 k y0rusy50 ca 
101 0 |a rus 
102 |a RU 
200 1 |a Организация бессточных технологических процессов в гальваническом производстве  |f К. И. Крыщенко, В. Н. Дзегиленок, А. А. Неретин, А. Г. Антонов 
225 1 |a Заводское хозяйство 
320 |a Библиогр.: 2 назв. 
461 1 |0 (RuTPU)RU\TPU\prd\1141  |t Экология и промышленность России  |o ежемесячный общественный научно-технический журнал  |d 2001- 
463 1 |0 (RuTPU)RU\TPU\prd\21857  |t № 12  |v С. 17-19  |d 2003 
610 1 |a технологические процессы 
610 1 |a бессточные процессы 
610 1 |a гальваническое производство 
610 1 |a отходы 
610 1 |a стоки 
610 1 |a промывка деталей 
701 1 |a Крыщенко  |b К. И. 
701 1 |a Дзегиленок  |b В. Н. 
701 1 |a Неретин  |b А. А. 
701 1 |a Антонов  |b А. Г. 
801 1 |a RU  |b 63413507  |c 20040129  |g PSBO 
942 |c BK